|
|
|
|
| LEADER |
00000cam a2200000 i 4500 |
| 001 |
1/20664 |
| 008 |
120615s1992 gr | ||| |||| ||gre|| |
| 020 |
|
|
|a 9602691085
|
| 035 |
|
|
|l 10112745
|
| 040 |
|
|
|a GR-MyUA
|b gre
|e AACR2
|
| 041 |
1 |
|
|a gre
|h ger
|
| 082 |
0 |
|
|a 193
|2 (22)
|
| 100 |
1 |
|
|a Goethe, Johann Wolfgang von,
|d 1749-1832.
|
| 245 |
1 |
0 |
|a Γκαίτε :
|b επιλογή από τα maximen und reflexionen /
|c μετάφραση Ν.Μ. Σκουτερόπουλος Κλάους Μπέτσεν.
|
| 260 |
|
|
|a Αθήνα :
|b Στιγμή,
|c 1992.
|
| 300 |
|
|
|a 101 σ. ;
|c 21 εκ.
|
| 490 |
1 |
|
|a (Στοχασμοί
|v ; 1)
|
| 500 |
|
|
|a Τίτλος πρωτοτύπου: Maximen und reflexionen.
|
| 600 |
1 |
0 |
|a Goethe, Johann Wolfgang von,
|d 1749-1832.
|
| 650 |
0 |
0 |
|a Philosophy, German.
|
| 700 |
1 |
|
|a Σκουτερόπουλος, Νικόλαος Μ.
|d 1938-
|e trl [Μεταφραστής]
|
| 830 |
|
0 |
|a Στοχασμοί
|
| 852 |
|
|
|a INST
|b SAMOS
|e 20120615
|h 193 GOE
|p 005300033707
|q 005300033707
|t BK
|y 0
|
| 901 |
|
|
|a BIBL3-2012-2
|
| 909 |
|
|
|a Σ
|b 172324
|
| 970 |
|
|
|a ΓΟΥΒΑΛΑ
|b ΒΑΣΩ
|z 2012/06/15
|